000 00309nam a2200133Ia 4500
008 150201s2010 xx 000 0 und d
082 _a610
_bM10Y
100 _aYOUN,VINCENT
245 _aMEDICINE
250 _a5TH
260 _bWOLTERKULWER
_aDELHI
_c2010
650 _aMEDICINE AND DIAGNOSIS
942 _2ddc
_cBK
999 _c859
_d859